| 000 | 00631nam a2200193Ia 4500 | ||
|---|---|---|---|
| 008 | 140110s9999 xx 000 0 und d | ||
| 020 |
_a9788182743663 _cRs 1750 (set) |
||
| 040 | _aLoreto College | ||
| 041 | _aEnglish | ||
| 082 |
_a341/RAO _bLCLIB/47178 |
||
| 100 | _aRao, S.V. Joga | ||
| 245 |
_aLaw relating to Right to Information _b(A comprehensive and insightful commentary with comparative perspectives)Vol I _cProf. (Dr.) S.V. Joga Rao |
||
| 260 |
_aNew Delhi _bPentagon Press _c2009 |
||
| 300 |
_a2 vols,xxiv,504p _c24 cm |
||
| 650 | _aLaw | ||
| 651 | _aRight to Information | ||
| 850 | _aLCLIB/341/RAO | ||
| 942 | _cBK | ||
| 999 |
_c33132 _d83611 |
||